Gramática del texto
保存先:
| 第一著者: | |
|---|---|
| フォーマット: | 図書 |
| 言語: | スペイン語 |
| 出版事項: |
Madrid
Arco Libros
2010
|
| シリーズ: | Cuadernos de Lengua Española, 108
|
| 主題: | |
| タグ: |
タグ追加
タグなし, このレコードへの初めてのタグを付けませんか!
|
MARC
| LEADER | 00000nam a2200000 a 4500 | ||
|---|---|---|---|
| 001 | UCG2219 | ||
| 003 | CL-VaPUC | ||
| 008 | 100624e20100000SP |||||||||||||||||spa|d | ||
| 020 | |a 9788476357880 | ||
| 082 | 0 | 4 | |a 401.41 |b CUE |2 21 |
| 100 | |a Cuenca, María Josep |e autora |9 453654 | ||
| 245 | 1 | 0 | |a Gramática del texto |
| 300 | |a 94 p | ||
| 942 | |c BK | ||
| 945 | |d 20100624 00:00:00 |a dcastane | ||
| 260 | |a Madrid |b Arco Libros |c 2010 | ||
| 650 | 0 | |a Filosofía del lenguaje |9 257082 | |
| 650 | 0 | |a Análisis del discurso |9 256696 | |
| 650 | 0 | |a Gramática |9 270497 | |
| 583 | |a last modification |c 20100624 00:00:00 |k Rodrigo Vera | ||
| 490 | 0 | |a Cuadernos de Lengua Española, 108 | |
| 999 | |c 341448 |d 341446 | ||
| 952 | |0 0 |1 0 |4 0 |6 401_410000000000000_CUE_2010 |7 0 |8 A |9 436956 |a FDOPOS |b FDOPOS |d 2019-11-22 |i 4691644 |o 401.41 CUE 2010 |p 4691644 |r 2025-01-22 |w 2019-11-22 |y BK |k DLA | ||
| 952 | |0 0 |1 0 |4 0 |6 401_410000000000000_CUE_2010 |7 0 |8 A |9 436957 |a FDOPOS |b FDOPOS |d 2019-11-22 |i 4730461 |o 401.41 CUE 2010 |p 4730461 |r 2025-01-22 |w 2019-11-22 |y BK |k DLA | ||